000 00919nam a22002777i 4500
003 DO-SdBNP
005 20250213135418.0
007 ta
008 230411b2016 dr ||||| |||| 00| 0 spa d
020 _a9789945600186
040 _aDO-SdBNP
_bspa
_cBNPHU
_erda
082 4 _aRD863.44
_bG277g
_222
100 _aGautier, Manuel Salvador,
_d1930-2021
_929016
_eautor
_4aut.
245 1 0 _aGregorio y su mundo perfecto :
_buna saga del siglo XIX /
_cManuel Salvador Gautier
264 1 _aSanto Domingo :
_bEditorial Santuario,
_c2016.
300 _a237 páginas :
_c22 cm
336 _atexto
_btxt
_2rdacontent.
337 _asin mediación
_bn
_2rdamedia
338 _avolumen
_bnc
_2rdacarrier
500 _aIncluye datos biografícos del autor en la solapa de la portada.
590 _aInventariado, 2023 / DG
650 4 0 _aNovela dominicana
_9223
650 4 _aLiteratura dominicana
910 _adg
942 _2ddc
_cLBS1
999 _c53205
_d53205